000 02541cam a22005294i 4500
003 PE-LiUPU
005 20250731172905.0
008 170124s2016 miu rb 001 0 eng d
020 _a0802841147
020 _a9780802841148
035 _a(Sirsi) a166407
040 _aPE-LiUPU
_bspa
_cPE-LiUPU
_erda
049 _aPRUA
082 0 4 _a225.92
_bP78
_223
100 1 _aPorter, Stanley E.,
_eautor.
245 1 4 _aThe Apostle Paul :
_bhis life, thought, and letters /
_cStanley E. Porter.
264 1 _aGrand Rapids, Michigan :
_bWilliam B. Eerdmans Publishing Company,
_c2016.
300 _axiii, 473 páginas ;
_c23 centimetros
336 _atext
_2rdacontent
337 _aunmediated
_2rdamedia
338 _avolume
_2rdacarrier
504 _aBibliografía : páginas al final de cada tema.
504 _aÍndices: páginas 458-473.
505 0 _aPart 1. The Pauline Tradition. 1. Paul the Person -- 2. The Chronology of Paul's Ministry and his Imprisonments -- 3. Background to Paul's Thought -- 4. Major Themes of Paul's Thought and Writings -- 5. The Pauline Letter Form -- 6. Pseudonymity and Formation of the Pauline Canon -- Part 2. The Pauline Letters. 7. Galatians -- 8. 1-2 Thessalonians -- 9. 1-2 Corinthians -- 10. Romans -- 11. Prison Epistles: Philippians, Colossians, Philemon, Ephesians -- 12. Pastoral Epistles: 1-2 Timothy, Titus.
526 _aSEG42
526 _aSEG41
526 _aSEG40
526 _aSEG39
526 _aP94
526 _aP87
526 _aP86
526 _aP85
526 _aP77
526 _aP76
526 _aP35
650 1 7 _aPablo, el Apóstol, Santo.
_2fast
_0(OCoLC) fst00037330
630 0 7 _aBiblia.
_pEspístolas de Pablo
_xCriticismo, interpretación, etc.
910 _ajck
_bjvq
_cjck
_d20170124.
910 _adbm
_bncf
_cncf
_d20171219
942 _2ddc
_cBOOK
949 _a225.92 P78
_wDEWEY
_c1
_i75585
_lCATALOGING
_mBUL
_p32.00
_r0
_sY
_tBOOK
_u2017-01-24
_xTEOLOGIA
_zPOSGRADO TEOLOGÍA
_0COMPRA
_o.CIRCNOTE. El documento es de alto precio.
_o.STAFF. Colección Teología
596 _a1
999 _a225.92 P78
_wLC
_c15147
_i75585
_d15147
_f2021-11-9
_g5
_lCCODEBUL1
_mBUL
_p32.00
_q1
_r0
_sY
_tBOOK
_u2017-1-24
_xTEOLOGIA
_PP85
_0COMPRA
_o.STAFF. Colección Teología
999 _a225.92 P78
_wLC
_c2
_i77646
_f2021-11-9
_g4
_lCCODEBUL1
_mBUL
_p24.00
_r0
_sY
_tBOOK
_u2017-12-19
_xTEOLOGIA
_PP85
_0COMPRA
_o.STAFF. Colección Teología
980 _81
_gALBERTO SANCHEZ Responsable de Automatización